Paroles : Qui de nous deux? -M- Matthieu Chedid - Statistiques

Statistiques générales
  • Ce quiz a été pris 27 fois
  • Le résultat moyen est 144 sur 232
Statistiques - réponses
Réponse % Correct
de
96%
deux,
96%
deux
96%
deux)
96%
nous,
96%
nous
96%
Qui
96%
(qui
96%
qui
96%
(Qui
96%
la
92%
je
77%
Je
77%
l'autre
77%
l'autre)
77%
À
73%
à
73%
le
69%
inspire
62%
Inspire
62%
(inspire
62%
inspire-
62%
(Inspire
62%
te
58%
Te
58%
ma
50%
des
46%
Des
46%
moi
46%
j'ai
42%
mon
42%
Speed
42%
(speed
42%
(Speed
42%
aux
38%
Aux
38%
son
38%
tes
38%
pour
35%
compagne
31%
joue
31%
Bras
27%
clefs
27%
élégante
27%
Fais
27%
Mais
27%
Ventre
27%
ventre,
27%
bois,
23%
cou
23%
doigts
23%
d'un
23%
hanches
23%
Oui,
23%
oui
23%
sature
23%
forme
19%
garde
19%
lacère
19%
membre
19%
Membre
19%
objets
19%
sixième
19%
trouvés
19%
cordes
15%
cordes,
15%
l'arpège,
15%
Oh
15%
Agite-
12%
agite-
12%
enlace-
12%
Enveloppe
12%
féline
12%
fictif,
12%
griffe,
12%
pendre
12%
t'appréhende,
12%
tendons
12%
voulu
12%
électrique
8%
pose
8%
Souvent
8%
t'oublier
8%
voix,
8%
acoustique,
4%
Ah
4%
amie
4%
amplis
4%
Caisse
4%
chavirent
4%
doute
4%
instants
4%
Issue
4%
magnifique
4%
parfois,
4%
pleine
4%
oniriques
0%
Stridence
0%
Aucun quiz correspondant
Distribution des résultats
% des personnes avec chaque résultat
Percentile par nombre de réponses
Votre historique - résultats
Vous n’avez pas pris ce quiz